Geography groups of six by clue - Statistics

General Stats
  • This quiz has been taken 261 times
  • The average score is 29 of 36
Answer Stats
Hint Answer % Correct
Indian megacities (pop. 10M+) Delhi
97%
African island nations Madagascar
96%
African island nations Seychelles
96%
Countries of Indochina Vietnam
95%
Countries of Indochina Cambodia
94%
Countries of Indochina Laos
94%
Indian megacities (pop. 10M+) Mumbai
94%
Permanently inhabited continents Africa
93%
Permanently inhabited continents Asia
93%
Captial cities in East Asia Beijing
93%
African island nations Cape Verde
93%
Permanently inhabited continents Europe
93%
Permanently inhabited continents North America
93%
Permanently inhabited continents South America
93%
Countries of Indochina Thailand
93%
Captial cities in East Asia Tokyo
93%
African island nations Comoros
91%
African island nations Mauritius
90%
Permanently inhabited continents Oceania
90%
African island nations São Tomé and Príncipe
90%
Captial cities in East Asia Seoul
90%
Countries of Indochina Myanmar
89%
Countries of Indochina Malaysia
86%
Captial cities in East Asia Pyongyang
86%
Indian megacities (pop. 10M+) Kolkata
81%
Captial cities in East Asia Taipei
79%
Captial cities in East Asia Ulaanbaatar
72%
British overseas territories in North America British Virgin Islands
61%
British overseas territories in North America Bermuda
60%
Indian megacities (pop. 10M+) Chennai
60%
Indian megacities (pop. 10M+) Bangalore
57%
Indian megacities (pop. 10M+) Hyderabad
55%
British overseas territories in North America Cayman Islands
40%
British overseas territories in North America Turks and Caicos Islands
30%
British overseas territories in North America Anguilla
26%
British overseas territories in North America Montserrat
26%
No matching quizzes found
Score Distribution
Percent of People with Each Score
Percentile by Number Answered
Your Score History
You have not taken this quiz